| 000 | 02133nam0a2200385 i 4500 | ||
|---|---|---|---|
| 001 | RU\NLR\bibl\1915019 | ||
| 005 | 20260407101710.0 | ||
| 010 |
_a9785742234357 _9500 |
||
| 021 |
_aRU _b2012-40177 _92966 |
||
| 035 | _a(nilc)RSL-KNO-005447927 | ||
| 035 | _a(NLR Aleph) 001904525 | ||
| 090 |
_a3092642 _c3092642 |
||
| 100 | _a20120613d2012 k y0rusy50 ca | ||
| 101 | 0 | _arus | |
| 102 | _aRU | ||
| 105 | _aa ||||||||| | ||
| 200 | 1 |
_aМетодологические проблемы современного музыкального образования _eматериалы Международной научно-практической конференции, 11-13 апреля 2011 года _f[сост.: д.п.н., проф. О.И. Передерий _gнауч. ред.: д.филос.н., проф. С.Т. Махлина, д.п.н., проф. О.И. Передерий] |
|
| 210 |
_aСанкт-Петербург _cИзд-во Политехнического университета _d2012 |
||
| 215 |
_a212 с. _cил., нот. _d20 |
||
| 300 | _aВ надзаг.: М-во образования и науки Рос. Федерации, Рос. гос. пед. ун-т им. А.И. Герцена | ||
| 606 | 1 |
_aМузыкальное образование _jСъезды, совещания и т.п. _xМетодология _92472044 _3RU\NLR\auth\661468115 |
|
| 686 |
_aЩ31р.я431(0) _2rubbk |
||
| 686 |
_aЩ310.7я431(0) _2rubbk |
||
| 686 | _aЧ459.782в.я431 | ||
| 702 | 1 |
_aМахлина _bС. Т. _f1941- _gСветлана Тевельевна _4340 |
|
| 702 | 1 |
_aПередерий _bО. И. _gОльга Ивановна _4220 |
|
| 712 | 0 | 2 |
_4570 _aРоссийский государственный педагогический университет им. А. И. Герцена _cСанкт-Петербург _3RU\NLR\AUTH\889929136 _9353794 |
| 801 | 0 |
_aRU _bRuMoRKP _c20120613 _grcr |
|
| 801 | 1 |
_aRU _bРГБ _c20120613 |
|
| 801 | 2 |
_aRU _bNLR _c20120618 _grcr |
|
| 830 | _aпо ЭК | ||
| 942 | _cBOOK | ||
| 980 | _aNBR | ||